15 największych państw w Europie (populacja) - Statystyki

Ogólne statystyki
  • Ten quiz został rozwiązany 506 razy
  • Średni wynik to 14 z 15
Statystyki odpowiedzi
Liczba ludności Państwo % Poprawnych
38 386 000 Polska
100%
146 877 088 Rosja
100%
83 019 200 Niemcy
99%
67 022 000 Francja
98%
37 289 000 Ukraina
98%
47 100 396 Hiszpania
97%
66 040 200 Wielka Brytania
96%
60 483 973 Włochy
96%
10 833 816 Portugalia
90%
10 768 000 Grecja
86%
19 250 617 Rumunia
86%
82 835 090 Turcja
86%
10 649 800 Czechy
83%
17 303 291 Holandia
82%
11 303 528 Belgia
81%
Nie znaleziono quizów pasujących do podanych kryteriów
Rozkład punktacji
Procent ludzi z każdym wynikiem
Percentyl według liczby udzielonych odpowiedzi
Twoja historia wyników
Nie rozwiązałeś tego quizu